000 00558nai a2200169Ia 4500
003 IN-BaIIA
008 211028c9999 xx s 000 0 eng d
022 _a1948-7185 (Online)
040 _cIIA Library
245 4 _aThe Journal of Physical Chemistry Letter
_h[eJournal]
260 _aWashington DC
_bACS Publications
310 _aSemi-monthly
362 _a1(1); 2010 - Present
521 _bSubscribed through National Knowledge Resource Consortium (NKRC)
856 _uhttps://pubs.acs.org/journal/jpclcd
_yClick Here to Access eJournal
942 _cEJ
999 _c35790
_d35790